000
00343nam a2200157Ia 4500
003
OSt
005
20240219142956.0
008
170524s9999 xx 000 0 und d
020
_a
978-8125040446
040
_c
IIMT
100
_a
philip- Thangam
245
0
_a
Modern Cookery
260
_b
Orienht longman
260
_c
2006
942
_2
ddc
_c
02
999
_c
7423
_d
7423